[Event "Weekend SSM 2N"]
[Site "Milano ITA"]
[Date "1992.02.29"]
[Round "1"]
[White "Saccani, Ettore"]
[Black "Tarek, Youssef"]
[Result "0-1"]
[WhiteElo "1576"]
[BlackElo "1600"]
[PlyCount "78"]
[EventDate "1992.02.29"]

1. e4 e5 2. Nf3 Nc6 3. Bb5 a6 4. Ba4 Be7 5. O-O b5 6. Bb3 Nf6 7. Re1 d6 8. c3
Na5 9. Bc2 c5 10. h3 Nc6 11. d4 cxd4 12. cxd4 O-O 13. Nc3 Re8 14. a3 Bf8 15.
Bg5 h6 16. Bh4 g5 17. Bg3 g4 18. dxe5 gxf3 19. exf6 Ne5 20. Bxe5 Rxe5 21. Qxf3
Be6 22. Rad1 Rc8 23. h4 Kh8 24. Qf4 a5 25. Qxe5 dxe5 26. Rxd8 Rxd8 27. Nxb5 Rd2
28. Bd1 Bc4 29. Nc3 Rxb2 30. Be2 Be6 31. Rb1 Rc2 32. Rb5 Rxc3 33. Rxa5 Bxa3 34.
g3 Bc5 35. Kg2 Rc2 36. Kf3 h5 37. Kg2 Bd4 38. Kf1 Bh3+ 39. Ke1 Bc3+ 0-1

[Event "Weekend SSM 2N"]
[Site "Milano ITA"]
[Date "1992.02.29"]
[Round "2"]
[White "Colica, Daniele"]
[Black "Saccani, Ettore"]
[Result "1-0"]
[WhiteElo "1600"]
[BlackElo "1576"]
[PlyCount "41"]
[EventDate "1992.02.29"]

1. e4 e6 2. d3 d5 3. Nd2 c5 4. Ngf3 Nc6 5. g3 Nf6 6. Bg2 Be7 7. O-O O-O 8. Re1
b6 9. Qe2 Nb4 10. Nf1 dxe4 11. dxe4 Ba6 12. c4 Nc6 13. e5 Nd7 14. b3 Bb7 15.
Bb2 Qc7 16. Rad1 Rad8 17. N1d2 Nb4 18. a3 Nd3 19. Qxd3 Nxe5 20. Bxe5 Qc6 21.
Qf1 1-0

[Event "Weekend SSM 2N"]
[Site "Milano ITA"]
[Date "1992.03.01"]
[Round "3"]
[White "Sartorio, Diego"]
[Black "Saccani, Ettore"]
[Result "1/2-1/2"]
[WhiteElo "1540"]
[BlackElo "1576"]
[PlyCount "134"]
[EventDate "1992.02.29"]

1. e4 e6 2. d4 d5 3. Nd2 Nf6 4. e5 Nfd7 5. Bd3 c5 6. c3 Nc6 7. Ngf3 Qb6 8. O-O
cxd4 9. Nxd4 Nxd4 10. cxd4 Qxd4 11. Nf3 Qb6 12. a4 Qc7 13. Bf4 Nc5 14. Rc1 Qb6
15. Bb5+ Bd7 16. Bxd7+ Nxd7 17. Qe2 Be7 18. Be3 Qd8 19. Qb5 b6 20. Rfd1 Rc8 21.
Rc3 Rxc3 22. bxc3 Qc7 23. h4 O-O 24. c4 Nxe5 25. Nxe5 Qxe5 26. Qd7 Bd6 27. cxd5
exd5 28. Qxa7 d4 29. Qxb6 dxe3 30. fxe3 Bc5 31. Qb3 Qxe3+ 32. Qxe3 Bxe3+ 33.
Kf1 Ra8 34. Ke2 Bf4 35. a5 g5 36. h5 Rxa5 37. h6 Re5+ 38. Kf3 Kf8 39. Rd8+ Re8
40. Rd7 Re3+ 41. Kf2 g4 42. g3 Bxh6 43. Rd6 Kg7 44. Rd4 f5 45. Rd7+ Kg6 46.
Rd6+ Kh5 47. Rd7 Rf3+ 48. Kg2 f4 49. Rd5+ Bg5 50. gxf4 Rxf4 51. Kg3 Rf3+ 52.
Kg2 Kh4 53. Rd1 Rg3+ 54. Kh1 Rh3+ 55. Kg2 Bf4 56. Rd4 Rh2+ 57. Kf1 Rh1+ 58. Kg2
Rg1+ 59. Kf2 g3+ 60. Kxg1 Kg4 61. Kg2 h5 62. Rd1 h4 63. Rh1 Be5 64. Rh3 Bf6 65.
Rh1 Bg5 66. Rh3 Kf4 67. Kg1 Ke3 1/2-1/2

[Event "Weekend SSM 2N"]
[Site "Milano ITA"]
[Date "1992.03.01"]
[Round "4"]
[White "Saccani, Ettore"]
[Black "Ponti, Lorenzo"]
[Result "1-0"]
[WhiteElo "1576"]
[BlackElo "1600"]
[PlyCount "51"]
[EventDate "1992.02.29"]

1. e4 Nf6 2. Nc3 d5 3. e5 Ne4 4. Nxe4 dxe4 5. Bc4 Qd4 6. Qe2 e6 7. c3 Qc5 8.
Qxe4 Nc6 9. Nf3 Bd7 10. O-O Na5 11. Be2 Qe7 12. d4 f5 13. exf6 gxf6 14. b4 Nc6
15. a4 Rg8 16. b5 Nd8 17. Nh4 Qg7 18. Bh5+ Nf7 19. Nf5 Qh8 20. Bf4 O-O-O 21.
Bf3 c6 22. bxc6 Bxc6 23. Qxe6+ Rd7 24. Bxc6 bxc6 25. Qxc6+ Kd8 26. Rfe1 1-0

[Event "Weekend SSM 2N"]
[Site "Milano ITA"]
[Date "1992.03.07"]
[Round "5"]
[White "Saccani, Ettore"]
[Black "Comini, Romano"]
[Result "1-0"]
[WhiteElo "1576"]
[BlackElo "1531"]
[PlyCount "117"]
[EventDate "1992.02.29"]

1. e4 e6 2. d4 d5 3. Nc3 dxe4 4. Nxe4 Nc6 5. c3 Be7 6. Nf3 Nf6 7. Ng3 h6 8. Bd3
b6 9. O-O Bb7 10. Qe2 Bd6 11. Nf5 Rg8 12. Ne5 Ne7 13. Bb5+ Kf8 14. Nxg7 Bxe5
15. Qxe5 Qd5 16. Nxe6+ Qxe6 17. Bxh6+ Rg7 18. Qxc7 Qd5 19. Bxg7+ Kxg7 20. Qg3+
Ng6 21. Bd3 Nh5 22. Qg4 Nhf4 23. Bxg6 fxg6 24. f3 Qd6 25. Rae1 Rh8 26. Qg5 Ne6
27. Qe5+ Qxe5 28. Rxe5 Kf6 29. Rfe1 Nf4 30. R1e3 Rh7 31. Re8 Nd5 32. R3e6+ Kf5
33. g4+ Kg5 34. c4 Nf4 35. R6e7 Rxe7 36. Rxe7 Bxf3 37. d5 Bxg4 38. d6 Kf6 39.
Rxa7 Nd3 40. Rh7 Ne5 41. b4 Nd7 42. a4 Ke6 43. Rg7 Bf5 44. a5 bxa5 45. bxa5
Kxd6 46. a6 Nb6 47. a7 Be4 48. Kf2 Nxc4 49. Rxg6+ Kc7 50. h4 Nb6 51. Rg7+ Kd6
52. Ke3 Ba8 53. h5 Ke5 54. h6 Nd5+ 55. Kd3 Nf6 56. h7 Be4+ 57. Kc4 Nxh7 58.
Rxh7 Kd6 59. Rh8 1-0

[Event "Weekend SSM 2N"]
[Site "Milano ITA"]
[Date "1992.03.07"]
[Round "6"]
[White "Bianchi, Simone"]
[Black "Saccani, Ettore"]
[Result "1/2-1/2"]
[WhiteElo "1510"]
[BlackElo "1576"]
[PlyCount "37"]
[EventDate "1992.02.29"]

1. e4 e6 2. d4 d5 3. exd5 exd5 4. c3 Nf6 5. Bd3 Bd6 6. Nf3 Be6 7. Bg5 Nbd7 8.
Nbd2 c6 9. Qc2 Qc7 10. O-O-O O-O-O 11. Qa4 Kb8 12. Rhe1 Rde8 13. h3 h6 14. Be3
g5 15. c4 Nb6 16. Qc2 dxc4 17. Bxc4 Nfd5 18. Bxd5 Nxd5 19. Nb3 1/2-1/2

[Event "Weekend SSM 2N"]
[Site "Milano ITA"]
[Date "1992.03.08"]
[Round "7"]
[White "Saccani, Ettore"]
[Black "Squillante, Michele"]
[Result "1/2-1/2"]
[WhiteElo "1576"]
[BlackElo "1609"]
[PlyCount "102"]
[EventDate "1992.02.29"]

1. e4 e5 2. Nf3 Nc6 3. Bb5 a6 4. Ba4 Nf6 5. O-O Be7 6. Re1 b5 7. Bb3 d6 8. c3
O-O 9. h3 Bb7 10. Bc2 Re8 11. d4 Bf8 12. Nbd2 exd4 13. cxd4 Nb4 14. Bb1 c5 15.
a3 Nc6 16. d5 Ne5 17. Nxe5 Rxe5 18. Nf3 Re8 19. Bc2 h6 20. Bf4 c4 21. Re3 Nd7
22. Nd4 Ne5 23. Bxh6 gxh6 24. Rg3+ Ng6 25. Qh5 Re5 26. Nf5 Qf6 27. f4 Ree8 28.
Nxh6+ Bxh6 29. Qxh6 Qg7 30. Qxg7+ Kxg7 31. f5 Kf6 32. fxg6 fxg6 33. Rf1+ Kg7
34. Rgf3 Rf8 35. Rxf8 Rxf8 36. Rxf8 Kxf8 37. Kf2 Ke7 38. Ke3 Kf6 39. Bd1 Bc8
40. Kd2 Ke5 41. Bf3 Kd4 42. h4 a5 43. g4 Bd7 44. h5 gxh5 45. gxh5 Be8 46. h6
Bg6 47. Bh5 Bxe4 48. Bf7 Bh7 49. Be8 b4 50. axb4 axb4 51. Bf7 c3+ 1/2-1/2

[Event "Weekend SSM 2N"]
[Site "Milano ITA"]
[Date "1992.03.08"]
[Round "8"]
[White "Saccani, Ettore"]
[Black "Lombardo, Evangelista"]
[Result "0-1"]
[WhiteElo "1576"]
[BlackElo "1600"]
[PlyCount "60"]
[EventDate "1992.02.29"]

1. e4 c5 2. Nf3 d6 3. d4 cxd4 4. Nxd4 Nf6 5. Nc3 a6 6. Bd3 g6 7. Bg5 Bg7 8. Qd2
h6 9. Be3 Ng4 10. O-O-O Nxe3 11. Qxe3 Nc6 12. Nxc6 bxc6 13. Bc4 Qc7 14. h4 Rb8
15. g4 Qb7 16. Bb3 O-O 17. Rhg1 Be6 18. f4 Bxb3 19. cxb3 Rfd8 20. h5 d5 21.
exd5 cxd5 22. Nxd5 Rxd5 23. hxg6 Rxd1+ 24. Rxd1 fxg6 25. Qe6+ Kh7 26. Rd7 Rc8+
27. Kd1 Qh1+ 28. Kd2 Qc1+ 29. Ke2 Rc2+ 30. Kd3 Rd2+ 0-1